[Event "Chess!!!"]
[Site "SchemingMind.com"]
[Date "2011.02.22"]
[Round "-"]
[White "spoke"]
[Black "tyler_ensor"]
[Result "1/2-1/2"]
[WhiteCountry "GER"]
[BlackCountry "CAN"]
[WhiteElo "1668"]
[WhiteRD "61"]
[BlackElo "1877"]
[BlackRD "61"]
[GameID "276521"]

1. d4 d5 2. c4 e6 3. Nc3 c5 4. cxd5 exd5 5. Nf3 Nc6 6. g3 Nf6 7. Bg2 Be7 8. O-O O-O 9. Bg5 cxd4 10. Nxd4 h6
11. Bf4 Bg4 12. Qa4 Rc8 13. h3 Nxd4 14. Qxd4 Bc5 15. Qd3 Bh5 16. Rad1 Re8 17. g4 Bg6 18. Qd2 Ne4 19. Nxe4 Bxe4 20. e3 Bb6
21. Bxe4 dxe4 22. Qxd8 Rcxd8 23. Rd6 Rxd6 24. Bxd6 Rc8 25. Be5 Re8 26. Bc3= Rd8 27. Rc1 Rd3 28. Kf1 Kf8 29. Ke2 g6 30. Rd1 Rxd1
31. Kxd1 Ke7 32. Ke2 f5=
1/2-1/2

[Event "Chess!!!"]
[Site "SchemingMind.com"]
[Date "2011.02.22"]
[Round "-"]
[White "SittingBull"]
[Black "Naoki_M"]
[Result "1-0"]
[WhiteCountry "CAN"]
[BlackCountry "JPN"]
[WhiteElo "1908"]
[WhiteRD "64"]
[BlackElo "1605"]
[BlackRD "71"]
[GameID "276522"]

1. e4 c5 2. Nf3 Nc6 3. d4 cxd4 4. Nxd4 Nf6 5. Nc3 g6 6. Be3 Bg7 7. f3 O-O 8. Qd2 e5 9. Ndb5 b6 10. O-O-O Qe7
11. g4 Rd8 12. g5 Ne8 13. Nd5 Qf8 14. h4 Rb8 15. h5 d6 16. hxg6 fxg6 17. Qh2 Kf7 18. Qxh7 Rd7 19. Rh6 Ne7 20. Nxe7 Kxe7
21. Rxg6 Kd8 22. Bh3 Rbb7 23. Bxd7 Rxd7 24. Nxa7 Kc7 25. Nxc8 Kxc8 26. Qh3 b5 27. Bc5 Kc7 28. Ba3 Kc6 29. Qe6 Bh8 30. Qd5+ Kc7
31. Rg8 Qe7 32. Rxh8
1-0

[Event "Chess!!!"]
[Site "SchemingMind.com"]
[Date "2011.02.22"]
[Round "-"]
[White "tyler_ensor"]
[Black "spoke"]
[Result "1-0"]
[WhiteCountry "CAN"]
[BlackCountry "GER"]
[WhiteElo "1877"]
[WhiteRD "61"]
[BlackElo "1668"]
[BlackRD "61"]
[GameID "276528"]

1. d4 d5 2. c4 e6 3. Nc3 Nf6 4. Bg5 Nbd7 5. e3 Be7 6. Nf3 O-O 7. Rc1 h6 8. Bh4 a6 9. cxd5 exd5 10. Bd3 c6
11. O-O Nb6 12. b3 Bg4 13. h3 Be6 14. Ne5 Rc8 15. Qe2 c5 16. dxc5 Rxc5 17. Rfd1 Qc7 18. Bg3 Bd6 19. Ng6 fxg6 20. Bxd6 Qxd6
21. Bxg6 Qe5 22. f4 Qc7 23. Qd3 Ne4 24. Bxe4 dxe4 25. Qxe4 Bf5 26. Qd4 Rc8 27. Ne2 Rc6 28. g4 Bg6 29. Rxc6 Qxc6 30. Rc1 Qf6
31. Rxc8+ Nxc8 32. Qc4+
1-0

[Event "Chess!!!"]
[Site "SchemingMind.com"]
[Date "2011.02.22"]
[Round "-"]
[White "Naoki_M"]
[Black "SittingBull"]
[Result "0-1"]
[WhiteCountry "JPN"]
[BlackCountry "CAN"]
[WhiteElo "1605"]
[WhiteRD "71"]
[BlackElo "1908"]
[BlackRD "64"]
[GameID "276529"]

1. d4 Nf6 2. c4 g6 3. Nc3 Bg7 4. Nf3 O-O 5. Bf4 d6 6. e3 Bg4 7. Be2 c5 8. O-O cxd4 9. exd4 Nbd7 10. Re1 Rc8
11. b3 a6 12. h3 Bxf3 13. Bxf3 Rb8 14. Rc1 b6 15. Rc2 Ne8 16. Nd5 e6 17. Ne3 Rc8 18. Qd2 Qf6 19. Bg3 Qxd4 20. Qxd4 Bxd4
21. Rd1 Be5 22. Bxe5 Nxe5 23. a4 Nxf3+ 24. gxf3 Rd8 25. Rcd2 f5 26. f4 Rf7 27. Kg2 Rfd7 28. h4 Nf6 29. Kf3 d5 30. cxd5 Nxd5
31. Nxd5 Rxd5 32. Rxd5 Rxd5 33. Rxd5 exd5 34. Ke3 Kf7 35. Kd3 Ke6 36. Kd4 a5 37. f3 Kd6 38. Kd3 Kc5 39. Kc3 d4+ 40. Kd3 Kb4
41. Kxd4 Kxb3 42. Kd5 Kxa4 43. Kc4 b5+
0-1

[Event "Chess!!!"]
[Site "SchemingMind.com"]
[Date "2011.02.27"]
[Round "-"]
[White "maro"]
[Black "aston294"]
[Result "1-0"]
[WhiteCountry "MEX"]
[BlackCountry "ENG"]
[WhiteElo "1323"]
[WhiteRD "58"]
[BlackElo "1075"]
[BlackRD "65"]
[GameID "276647"]

1. d4 d5 2. c4 dxc4 3. Nf3 Nf6 4. e3 Nc6 5. Bxc4 Nb4 6. Bxf7+ Kxf7 7. Qb3+ e6 8. Ne5+ Ke7 9. Qxb4+ Ke8 10. Qb5+ c6
11. Qd3 Nd5 12. O-O Bd7 13. a3 g5 14. Nc3 Nxc3 15. bxc3 Bc8 16. e4 b5 17. Nxc6 Qd6 18. Qxb5 Bg7 19. Nxa7+ Kd8 20. Qxg5+ Ke8
21. Qxg7 Rf8 22. Nb5 Rf4 23. Nxd6+ Kd8 24. Bxf4 Ba6 25. Nb7+ Bxb7 26. Qxb7 Rc8 27. Bg5+ Ke8 28. Qxc8+
1-0

[Event "Chess!!!"]
[Site "SchemingMind.com"]
[Date "2011.02.25"]
[Round "-"]
[White "mmccaffe"]
[Black "Olli Ylönen"]
[Result "1/2-1/2"]
[WhiteCountry "USA"]
[BlackCountry "FIN"]
[WhiteElo "1771"]
[WhiteRD "52"]
[BlackElo "1691"]
[BlackRD "53"]
[GameID "276648"]

1. e4 c6 2. d4 d5 3. Nc3 dxe4 4. Nxe4 Bf5 5. Ng3 Bg6 6. Nf3 Nd7 7. Bc4 e6 8. c3 Ngf6 9. Qe2 Be7 10. h3 O-O
11. O-O h6 12. Be3 Nd5 13. Bd2 Bd6 14. Bd3 Bxd3 15. Qxd3 Nf4 16. Bxf4 Bxf4 17. Ne2 Ne5 18. Qe4 Nxf3+ 19. Qxf3 Bc7 20. Rfd1 Qd6
21. Rd2 Qd5 22. Qxd5 cxd5 23. Rf1 a6 24. Rfd1 b5 25. a3 g5 26. Nc1 f6 27. Re2 Rfe8 28. Rde1 e5 29. dxe5 Rxe5 30. Nd3 Rxe2
31. Rxe2 Kf7 32. Nb4 d4 33. cxd4 a5 34. Nc6 Re8 35. Kf1 Rxe2 36. Kxe2 Bb6 37. d5 Ke8 38. f3 Kd7 39. b4 axb4 40. axb4 Kd6
41. Kd3=
1/2-1/2

[Event "Chess!!!"]
[Site "SchemingMind.com"]
[Date "2011.02.23"]
[Round "-"]
[White "andrzeyf"]
[Black "BigDaddy"]
[Result "0-1"]
[WhiteCountry "POL"]
[BlackCountry "AUT"]
[WhiteElo "1471"]
[WhiteRD "72"]
[BlackElo "1393"]
[BlackRD "64"]
[GameID "276650"]

1. d4 Nf6 2. c4 g6 3. Nc3 d5 4. Nf3 Bg7 5. Qb3 Be6 6. Qxb7 Nbd7 7. Nxd5 Bxd5 8. cxd5 Qc8 9. Qxc8+ Rxc8 10. e3 Nxd5
11. Bc4 c6 12. O-O O-O 13. Bd2 Rb8 14. b3 Rfe8 15. Rfc1 e6
0-1

[Event "Chess!!!"]
[Site "SchemingMind.com"]
[Date "2011.02.23"]
[Round "-"]
[White "DI DARIO"]
[Black "o.malito"]
[Result "1-0"]
[WhiteCountry "INT"]
[BlackCountry "ITA"]
[WhiteElo "1642"]
[WhiteRD "48"]
[BlackElo "1626"]
[BlackRD "74"]
[GameID "276651"]

1. e4 c5 2. Bc4 e6 3. Nc3 Nc6 4. d3 Nge7 5. Nf3 Na5 6. Nb5 d5 7. Bf4 Ng6 8. Bc7 Qd7 9. Bxa5 b6 10. Bc3 a6
11. a4 dxc4 12. Na3 cxd3 13. cxd3 f6 14. Nc4 Rb8 15. e5 Be7 16. d4 O-O 17. exf6 Bxf6 18. Nfe5 Qc7 19. Nxg6 hxg6 20. Qd3 Kf7
21. O-O Rh8 22. Ne5+ Bxe5 23. dxe5 Bb7 24. f3 c4 25. Qd6 Qc6 26. Qd4 Rh7 27. Rad1 Bc8 28. Qd8 Qe8 29. Qc7+
1-0

[Event "Chess!!!"]
[Site "SchemingMind.com"]
[Date "2011.02.27"]
[Round "-"]
[White "aston294"]
[Black "maro"]
[Result "0-1"]
[WhiteCountry "ENG"]
[BlackCountry "MEX"]
[WhiteElo "1075"]
[WhiteRD "65"]
[BlackElo "1323"]
[BlackRD "58"]
[GameID "276655"]

1. d4 d5 2. Nf3 Bg4 3. h3 Bxf3 4. gxf3 e6 5. Nc3 Bd6 6. Rg1 g6 7. e3 a6 8. e4 Bb4 9. a3 Bxc3+ 10. bxc3 Ne7
11. Bg5 O-O 12. exd5 exd5 13. Qe2 Nbc6 14. Rb1 b5 15. f4 Qd6 16. Bxe7 Nxe7 17. Bg2 Nf5 18. Qg4 Rfe8+ 19. Kd1 Qxa3 20. Bxd5 Qxc3
21. Rb3 Qxd4+ 22. Rd3 Qxf2 23. Re1 Qxe1#
0-1

[Event "Chess!!!"]
[Site "SchemingMind.com"]
[Date "2011.02.25"]
[Round "-"]
[White "Olli Ylönen"]
[Black "mmccaffe"]
[Result "1-0"]
[WhiteCountry "FIN"]
[BlackCountry "USA"]
[WhiteElo "1734"]
[WhiteRD "51"]
[BlackElo "1668"]
[BlackRD "48"]
[GameID "276656"]

1. e4 e6 2. d4 d5 3. Nc3 Nf6 4. Bg5 Be7 5. e5 Nfd7 6. Bxe7 Qxe7 7. f4 c5 8. Nb5 Nb6 9. Nd6+ Kd8 10. dxc5 N6d7
11. c4 Nxc5 12. cxd5 Bd7 13. Nf3 Nba6 14. Bxa6 Nxa6 15. Nxb7+ Kc8 16. d6 Qe8 17. Rc1+ Kb8 18. O-O f6 19. Nc5 Nxc5 20. Rxc5 Qd8
21. Nd4 Qb6 22. Qb3 Qxb3 23. Nxb3 Rc8 24. exf6 gxf6 25. Rd1 Rxc5 26. Nxc5 Bc6 27. d7 Kc7 28. Nxe6+
1-0

[Event "Chess!!!"]
[Site "SchemingMind.com"]
[Date "2011.02.23"]
[Round "-"]
[White "BigDaddy"]
[Black "andrzeyf"]
[Result "1-0"]
[WhiteCountry "AUT"]
[BlackCountry "POL"]
[WhiteElo "1393"]
[WhiteRD "64"]
[BlackElo "1471"]
[BlackRD "72"]
[GameID "276658"]

1. e4 c6 2. d4 d5 3. Nc3 dxe4 4. Nxe4 Bf5 5. Qd3 Qd5 6. f3 Nd7 7. Bf4 Ngf6 8. Ne2 Bxe4 9. fxe4 Qxe4 10. Qxe4 Nxe4
11. Nc3 Nxc3 12. bxc3 Nf6 13. Bc4 e6 14. O-O Ba3 15. Bg5 Ne4 16. Bf4
1-0

[Event "Chess!!!"]
[Site "SchemingMind.com"]
[Date "2011.02.23"]
[Round "-"]
[White "o.malito"]
[Black "DI DARIO"]
[Result "0-1"]
[WhiteCountry "ITA"]
[BlackCountry "INT"]
[WhiteElo "1626"]
[WhiteRD "74"]
[BlackElo "1642"]
[BlackRD "48"]
[GameID "276659"]

1. c4 c5 2. Nc3 e5 3. g3 Nc6 4. Bg2 Na5 5. b3 Nc6 6. d3 a6 7. Nf3 g6 8. O-O Bg7 9. Qc2 Nb4 10. Qd2 d5
11. a3 Nc6 12. cxd5 Nd4 13. Rb1 Ne7 14. e3 Nb5 15. Nxb5 axb5 16. e4 Bg4 17. Bb2 Qd6 18. Ne1 h5 19. f4 h4 20. h3 Bd7
21. g4 f5 22. exf5 gxf5 23. g5 Ng6 24. Nf3 Nxf4 25. Nxh4 Rxh4
0-1

[Event "Chess!!!"]
[Site "SchemingMind.com"]
[Date "2011.02.27"]
[Round "-"]
[White "jtrochez1"]
[Black "Clive Everill"]
[Result "1-0"]
[WhiteCountry "HON"]
[BlackCountry "CZE"]
[WhiteElo "1616"]
[WhiteRD "52"]
[BlackElo "1747"]
[BlackRD "51"]
[GameID "276906"]

1. e4 c5 2. Nf3 e6 3. d4 cxd4 4. Nxd4 a6 5. Be3 Nf6 6. Nd2 Qc7 7. c3 d5 8. exd5 Nxd5 9. Qa4+ Bd7 10. Qc2 Nxe3
11. fxe3 Bd6 12. N4f3 O-O 13. Bd3 g6 14. O-O-O Nc6 15. Nb3 b5 16. Kb1 a5 17. Nfd4 b4 18. Nb5 Qb8 19. Nxd6 Qxd6 20. Bxg6 Qe7
21. Bxh7+ Kg7 22. Be4 a4 23. Nd4 b3 24. axb3 axb3 25. Nxb3 Ra7 26. Qf2 f5 27. Bf3 Be8 28. Qg3+ Bg6 29. Kc1 Na5 30. Nxa5 Rxa5
31. Qf2 Ra1+ 32. Kc2 f4+ 33. e4 Ra2 34. Qd4+ Kh6 35. g4 Qa3 36. Qb4 Qa8 37. Rb1 Ra4 38. g5+ Kg7 39. Qe7+ Rf7 40. Qxe6 Qa7
41. Qe5+ Kh7 42. Rhf1 Ra5 43. Qd4 Qa6 44. h4 Re7 45. h5 Be8 46. Rfe1 Rxg5 47. e5 Bxh5 48. Bxh5 Rxh5 49. Qxf4 Qe6 50. Qe4+ Kh6
51. Qf4+ Kh7 52. Qe4+ Kh6 53. Rh1 Rxh1 54. Rxh1+ Kg7 55. Qh7+ Kf8 56. Qh8+ Qg8 57. Qf6+
1-0

[Event "Chess!!!"]
[Site "SchemingMind.com"]
[Date "2011.02.25"]
[Round "-"]
[White "Clive Everill"]
[Black "jtrochez1"]
[Result "1-0"]
[WhiteCountry "CZE"]
[BlackCountry "HON"]
[WhiteElo "1710"]
[WhiteRD "53"]
[BlackElo "1616"]
[BlackRD "50"]
[GameID "276910"]

1. e4 e5 2. Bc4 Nc6 3. Nf3 h6 4. O-O d6 5. d4 Bd7 6. c3 Qc8 7. dxe5 Be6 8. Bb5 Bd7 9. Bf4 dxe5 10. Bg3 Bd6
11. Nbd2 Bg4 12. Qa4 Bd7 13. Qc2 Nge7 14. Bh4 f6 15. Bg3 Ng6 16. Bc4 Be6 17. Rad1 O-O 18. Bxe6+ Qxe6 19. b3 Nf4 20. Nc4 Rad8
21. Nxd6 cxd6 22. Rd2 Rd7 23. Nh4 Ne7 24. Rfd1 Rfd8 25. f3 g5 26. Bxf4 exf4 27. Nf5 Nxf5 28. exf5 Qe7 29. Re2 Qf7 30. Re6 Qh5
31. Rxf6 Rg7 32. Rfxd6 Re8 33. Qd3 g4 34. fxg4 Qxg4 35. Qd5+ Kh8 36. Rxh6+ Rh7 37. Rxh7+ Kxh7 38. Qd7+ Kh6 39. Rd6+
1-0

[Event "Chess!!!"]
[Site "SchemingMind.com"]
[Date "2011.03.01"]
[Round "-"]
[White "loco61"]
[Black "Majoanis"]
[Result "0-1"]
[WhiteCountry "ENG"]
[BlackCountry "CAN"]
[WhiteElo "1567"]
[WhiteRD "62"]
[BlackElo "1624"]
[BlackRD "82"]
[GameID "276959"]

1. e4 Nf6 2. e5 Nd5 3. Nf3 d6 4. exd6 exd6 5. Bc4 Nb6 6. Bb3 Be7 7. O-O O-O 8. d3 Nc6 9. Be3 d5 10. c3 Bg4
11. h3 Bf5 12. c4 d4 13. Bf4 Re8 14. a4 a5 15. Bc2 Bf8 16. Re1 Rxe1+ 17. Qxe1 Nb4 18. Na3 Nxc2 19. Nxc2 c5 20. Qd2 Bd6
21. Bxd6 Qxd6 22. g4 Bd7 23. b3 Bc6 24. Nh4 Qf6 25. Nf5 h5 26. f4 hxg4 27. hxg4 Bd7 28. Qh2 Bxf5 29. gxf5 Qxf5 30. Rf1 Re8
31. Rf3 Qg4+ 32. Kf2 Qe6 33. Rh3 Qe2+ 34. Kg3 Qxh2+ 35. Rxh2 Nd7 36. Kf2 Nf6 37. Ne1 Ng4+
0-1

[Event "Chess!!!"]
[Site "SchemingMind.com"]
[Date "2011.03.01"]
[Round "-"]
[White "Majoanis"]
[Black "loco61"]
[Result "1-0"]
[WhiteCountry "CAN"]
[BlackCountry "ENG"]
[WhiteElo "1624"]
[WhiteRD "82"]
[BlackElo "1567"]
[BlackRD "62"]
[GameID "276965"]

1. Nf3 c6 2. d4 Nf6 3. c4 b5 4. e3 bxc4 5. Bxc4 e6 6. O-O d5 7. Be2 Bb4 8. Bd2 Qa5 9. Nc3 O-O 10. a3 Bxc3
11. bxc3 Nbd7 12. c4 Qc7 13. Qc2 Ba6 14. Bb4 Rfe8 15. cxd5 exd5 16. Bxa6 Rab8 17. Rfc1 Re6 18. Rab1 Qb6 19. Bf1 a5 20. Bd6 Qa7
21. Bxb8 Nxb8 22. Qc5 Qxc5 23. Rxc5 Nfd7 24. Rxa5 f6 25. g3 g5 26. Bh3 Re7 27. Ra8 Kf7 28. Raxb8 Nxb8 29. Rxb8
1-0

[Event "Chess!!!"]
[Site "SchemingMind.com"]
[Date "2011.02.28"]
[Round "-"]
[White "cnile"]
[Black "David Hartley"]
[Result "0-1"]
[WhiteCountry "SCO"]
[BlackCountry "ENG"]
[WhiteElo "1450"]
[WhiteRD "57"]
[BlackElo "1861"]
[BlackRD "74"]
[GameID "277042"]

1. e4 e5 2. Nf3 Nc6 3. Bb5 a6 4. Ba4 Nf6 5. O-O Be7 6. Re1 b5 7. Bb3 O-O 8. c3 d6 9. h3 Bb7 10. d4 Na5
11. Bc2 c5 12. d5 Bc8 13. Nbd2 Qc7 14. Nb3 Nxb3 15. Bxb3 Kh8 16. Bc2 Ne8 17. Be3 f5 18. exf5 Bxf5 19. Bxf5 Rxf5 20. Qc2 Rf7
21. Bg5 Nf6 22. Bd2 Nxd5 23. Qe4 Qb7 24. Rad1 Rb8 25. Bg5 Nf6 26. Qxb7 Rxb7 27. Nh4 Ne8 28. Bxe7 Rbxe7 29. Nf3 Rd7 30. Nxe5 dxe5
31. Rxd7 Rxd7 32. Rxe5 Nf6 33. g4 Rd2 34. g5 Ng8 35. Rxc5 Rxb2 36. a3 Ra2 37. Rc8 Rxa3 38. f4 g6 39. Kg2 a5 40. Kg3 b4
41. Kg4 Rxc3 42. Ra8 Ra3 43. h4 h6 44. gxh6 Kh7 45. Ra7+ Kxh6 46. Ra6 Kh7 47. Ra7+ Kh8
0-1

[Event "Chess!!!"]
[Site "SchemingMind.com"]
[Date "2011.02.27"]
[Round "-"]
[White "Imre030"]
[Black "sabolaGM"]
[Result "1-0"]
[WhiteCountry "HUN"]
[BlackCountry "HUN"]
[WhiteElo "1515"]
[WhiteRD "102"]
[BlackElo "1774"]
[BlackRD "107"]
[GameID "277043"]

1. e4 e6 2. d4 d5 3. Nc3 Nf6 4. Bg5 Be7 5. e5 Nfd7 6. h4 a6 7. Qg4 f5 8. Qh5+ Kf8 9. O-O-O Bxg5+ 10. hxg5 Nb6
11. g4 Qe8 12. Qxe8+ Kxe8 13. gxf5 exf5 14. Nge2 g6 15. f4 Be6 16. a4 Nc6 17. a5 Nxa5 18. b3 Nc6 19. Na4 Nxa4 20. bxa4 Kf7
21. c3 Na5 22. Kd2 Rac8 23. Ke1 Kg7 24. Rb1 Rhd8 25. Nc1 Bd7 26. Nd3 b6 27. Nb2 Ra8 28. Be2 c5 29. dxc5 bxc5 30. Nd3 c4
31. Nc5 Bc6 32. Ne6+
1-0

[Event "Chess!!!"]
[Site "SchemingMind.com"]
[Date "2011.02.28"]
[Round "-"]
[White "David Hartley"]
[Black "cnile"]
[Result "1-0"]
[WhiteCountry "ENG"]
[BlackCountry "SCO"]
[WhiteElo "1842"]
[WhiteRD "70"]
[BlackElo "1442"]
[BlackRD "58"]
[GameID "277044"]

1. e4 e5 2. Nf3 Nf6 3. Nxe5 d6 4. Nf3 Nxe4 5. d4 d5 6. Bd3 Nf6 7. O-O Be7 8. Re1 O-O 9. Nc3 Re8 10. Bd2 Nbd7
11. h3 h6 12. Ne5 Nf8 13. Ne2 Ne6 14. c3 c6 15. Ng3 Bf8 16. Rf1 Nc7 17. f4 Be6 18. f5 Bd7 19. Rf2 Qc8 20. Nh5 Nh7
21. Qg4 Nb5 22. Bxh6 Nf6 23. Nxf6+ Kh8 24. Nxf7#
1-0

[Event "Chess!!!"]
[Site "SchemingMind.com"]
[Date "2011.02.27"]
[Round "-"]
[White "sabolaGM"]
[Black "Imre030"]
[Result "0-1"]
[WhiteCountry "HUN"]
[BlackCountry "HUN"]
[WhiteElo "1774"]
[WhiteRD "107"]
[BlackElo "1515"]
[BlackRD "102"]
[GameID "277045"]

1. e4 e5 2. f4 exf4 3. Nf3 d6 4. Bc4 Nc6 5. O-O Bg4 6. d4 g5 7. g3 Bg7 8. c3 Qe7 9. gxf4 gxf4 10. Bxf4 O-O-O
11. Qe1 f5 12. Bg5 Bf6 13. Qh4 Bxf3 14. Bxf6 Qxf6 15. Qxf6 Nxf6 16. Rxf3 Nxe4 17. Rxf5 Rhf8 18. Na3 Rxf5 19. Be6+ Kb8 20. Bxf5 Rg8+
0-1

[Event "Chess!!!"]
[Site "SchemingMind.com"]
[Date "2011.03.02"]
[Round "-"]
[White "lemme howdt"]
[Black "reo"]
[Result "0-1"]
[WhiteCountry "USA"]
[BlackCountry "THA"]
[WhiteElo "1580"]
[WhiteRD "80"]
[BlackElo "1738"]
[BlackRD "103"]
[GameID "277237"]

1. e4 e5 2. Nf3 Nc6 3. Bc4 Nf6 4. d3 Bc5 5. O-O O-O 6. c3 d5 7. exd5 Nxd5 8. Re1 Re8 9. Bg5 f6 10. Bd2 Kh8
11. b4 Bb6 12. a4 a5 13. b5 Nce7 14. h3 Ng6 15. Qb3 c6 16. Ra2 Ngf4 17. Bxd5 Nxd5 18. c4 Nf4 19. Bxf4 exf4 20. Rxe8+ Qxe8
21. Qd1 Qg6 22. Nh4 Qg5 23. Nf3 Qh5 24. d4 Be6 25. Rc2 Rd8 26. c5 Bc7 27. b6 Bb8 28. Re2 Qf7 29. Nc3 g5 30. Qd2 g4
31. hxg4 Bxg4 32. Re1 Rg8 33. Kf1 Qh5 34. Ne4 Bxf3 35. gxf3 Qxf3 36. Nxf6 Qh3+ 37. Ke2 Qe6+
0-1

[Event "Chess!!!"]
[Site "SchemingMind.com"]
[Date "2011.03.01"]
[Round "-"]
[White "michel"]
[Black "baobab"]
[Result "1-0"]
[WhiteCountry "CAN"]
[BlackCountry "ITA"]
[WhiteElo "2066"]
[WhiteRD "63"]
[BlackElo "1566"]
[BlackRD "76"]
[GameID "277238"]

1. Nf3 Nc6 2. d4 d5 3. c4 e6 4. Nc3 Nf6 5. Bg5 Be7 6. e3 O-O 7. Rc1 Ne4 8. Bf4 Bd6 9. Bg3 Kh8 10. Bd3 f5
11. Bxe4 dxe4 12. Ne5 Nxe5 13. dxe5 Bc5 14. Ke2 Qg5 15. Qc2 Bd7 16. Rcg1 Rad8 17. Ke1 Qe7 18. h4 a6 19. Bf4 b5 20. Bg5 Qf7
21. Bxd8 Rxd8 22. cxb5 axb5 23. g3 Bc6 24. Kf1 Qh5 25. Qe2 Qe8 26. Kg2 Qg6 27. h5
1-0

[Event "Chess!!!"]
[Site "SchemingMind.com"]
[Date "2011.03.02"]
[Round "-"]
[White "reo"]
[Black "lemme howdt"]
[Result "0-1"]
[WhiteCountry "THA"]
[BlackCountry "USA"]
[WhiteElo "1738"]
[WhiteRD "103"]
[BlackElo "1580"]
[BlackRD "80"]
[GameID "277241"]

1. d4 d5 2. c4 dxc4 3. Nf3 Bg4 4. e4 e6 5. Bxc4 Bb4+ 6. Bd2 Bxd2+ 7. Qxd2 Bxf3 8. gxf3 Qf6 9. Qe3 Nc6 10. d5 Na5
11. Be2 b6 12. Nc3 O-O-O 13. e5 Qh4 14. O-O-O Ne7 15. f4 Nxd5 16. Nxd5 Rxd5 17. Ba6+ Kb8 18. Qf3 Rhd8 19. h3 c6 20. Rhg1 g6
21. Rxd5 Rxd5 22. b4 Nb7 23. Bc4 Rd8 24. Rg4 Qe7 25. a3 c5 26. Qb3 cxb4 27. axb4 Qd7 28. Qb2 Qd1#
0-1

[Event "Chess!!!"]
[Site "SchemingMind.com"]
[Date "2011.03.01"]
[Round "-"]
[White "baobab"]
[Black "michel"]
[Result "0-1"]
[WhiteCountry "ITA"]
[BlackCountry "CAN"]
[WhiteElo "1566"]
[WhiteRD "76"]
[BlackElo "2066"]
[BlackRD "63"]
[GameID "277242"]

1. d4 Nf6 2. Nc3 c5 3. d5 d6 4. e4 a6 5. Nf3 g6 6. Bd2 Bg7 7. Bd3 b5 8. a3 Bg4 9. Be2 Nbd7 10. O-O O-O
11. h3 Bxf3 12. Bxf3 Qb8 13. Re1 a5 14. Qe2 b4 15. axb4 axb4 16. Nb5 Qb6 17. c4 Rfb8 18. b3 h5 19. g4 hxg4 20. hxg4 Ne8
21. Rxa8 Rxa8 22. Kg2 Nc7 23. Nxc7 Qxc7
0-1

[Event "Chess!!!"]
[Site "SchemingMind.com"]
[Date "2011.03.04"]
[Round "-"]
[White "Scooter"]
[Black "ampp"]
[Result "1-0"]
[WhiteCountry "USA"]
[BlackCountry "POR"]
[WhiteElo "1913"]
[WhiteRD "62"]
[BlackElo "1180"]
[BlackRD "56"]
[GameID "277493"]

1. d4 d6 2. Nf3 Nf6 3. Bf4 g6 4. h3 Bg7 5. e3 c5 6. dxc5 d5 7. Bb5+ Bd7 8. Bxd7+ Nbxd7 9. b4 O-O 10. O-O b6
11. c6 e5 12. Nxe5 Nxe5 13. Bxe5 Qe7 14. Bc3 Rfd8 15. a3 a5 16. b5 Ne4 17. Bxg7 Kxg7 18. Qd4+ f6 19. Nc3 Nxc3 20. Qxc3 Rac8
21. Rfd1 h6 22. Rd4 Qe5 23. Rad1 h5 24. Qb3 Ra8 25. Rxd5 Rxd5 26. Qxd5 Qe8 27. Qd7+ Qxd7 28. Rxd7+ Kf8 29. Rb7 Ke8 30. c7 Kd7
31. Rb8
1-0

[Event "Chess!!!"]
[Site "SchemingMind.com"]
[Date "2011.03.04"]
[Round "-"]
[White "John Hamer"]
[Black "sidra"]
[Result "1-0"]
[WhiteCountry "ENG"]
[BlackCountry "HUN"]
[WhiteElo "2024"]
[WhiteRD "62"]
[BlackElo "1697"]
[BlackRD "87"]
[GameID "277494"]

1. d4 d5 2. c4 c6 3. Nf3 f6 4. Bf4 Nd7 5. e3 e6 6. cxd5 exd5 7. Bd3 Bb4+ 8. Nc3 Ne7 9. O-O O-O 10. Qa4 Bxc3
11. bxc3 Nb6 12. Qc2 g6 13. Qb3 Kg7 14. a4 a5 15. Rab1 Nd7 16. Bd6 Rf7 17. Ba3 Nf8 18. Rfe1 Qc7 19. e4 Rb8 20. e5 fxe5
21. Nxe5 Rf6 22. Bxe7 Qxe7 23. Nxc6 Qc7 24. Re7+ Qxe7 25. Nxe7 Bd7 26. Nxd5 Rf7 27. Nb6 Bf5 28. Bxf5 gxf5 29. Qb5 Rc8 30. Nxc8
1-0

[Event "Chess!!!"]
[Site "SchemingMind.com"]
[Date "2011.03.04"]
[Round "-"]
[White "ampp"]
[Black "Scooter"]
[Result "0-1"]
[WhiteCountry "POR"]
[BlackCountry "USA"]
[WhiteElo "1180"]
[WhiteRD "56"]
[BlackElo "1913"]
[BlackRD "62"]
[GameID "277502"]

1. e4 c6 2. d4 d5 3. e5 Bf5 4. Nf3 h6 5. Bd3 Bxd3 6. Qxd3 e6 7. O-O Nd7 8. a3 c5 9. c3 c4 10. Qe2 Ne7
11. Rd1 Nc6 12. Nbd2 Be7 13. b3 b5 14. b4 a5 15. Bb2 O-O 16. h3 Nb6 17. g3 Na4 18. Bc1 Nxc3
0-1

[Event "Chess!!!"]
[Site "SchemingMind.com"]
[Date "2011.03.04"]
[Round "-"]
[White "sidra"]
[Black "John Hamer"]
[Result "1/2-1/2"]
[WhiteCountry "HUN"]
[BlackCountry "ENG"]
[WhiteElo "1695"]
[WhiteRD "86"]
[BlackElo "2025"]
[BlackRD "63"]
[GameID "277503"]

1. d4 Nf6 2. c4 c6 3. a3 d5 4. c5 e6 5. b4 Be7 6. e3 O-O 7. Bd3 a5 8. bxa5 Qxa5+ 9. Bd2 Qc7 10. f3 Nbd7
11. Ne2 e5 12. O-O b6 13. cxb6 Nxb6 14. Bc3 e4 15. fxe4 dxe4 16. Bc2 Ng4 17. Ng3 Nxe3 18. Qe2 Nxf1 19. Nxf1 f5 20. Bb3+ Kh8
21. a4 Nd5 22. Bxd5 cxd5 23. Ne3 Be6 24. a5 f4 25. Nc2 f3=
1/2-1/2

[Event "Chess!!!"]
[Site "SchemingMind.com"]
[Date "2011.05.03"]
[Round "-"]
[White "DI DARIO"]
[Black "John Hamer"]
[Result "0-1"]
[WhiteCountry "INT"]
[BlackCountry "ENG"]
[WhiteElo "1632"]
[WhiteRD "55"]
[BlackElo "2024"]
[BlackRD "62"]
[GameID "283127"]

1. Nf3 d5 2. d4 Nf6 3. Bf4 Nc6 4. Nc3 Bf5 5. a3 a6 6. b4 e6 7. h3 Bd6 8. Ne5 Bxe5 9. dxe5 Nd7 10. Qd2 Ndxe5
11. e3 O-O 12. Ne2 Nc4 13. Qc3 e5 14. Bg3 b5 15. Nc1 d4 16. exd4 exd4 17. Qb3 Re8+ 18. Be2 Qg5 19. f4 Qg6 20. Nd3 Qxg3+
21. Nf2 Rxe2+ 22. Kxe2 d3+ 23. Kf1 Nd2+
0-1

[Event "Chess!!!"]
[Site "SchemingMind.com"]
[Date "2011.05.03"]
[Round "-"]
[White "John Hamer"]
[Black "DI DARIO"]
[Result "1-0"]
[WhiteCountry "ENG"]
[BlackCountry "INT"]
[WhiteElo "2024"]
[WhiteRD "62"]
[BlackElo "1632"]
[BlackRD "55"]
[GameID "283138"]

1. e4 e5 2. Bc4 Nf6 3. Nc3 Bb4 4. Nf3 d6 5. O-O Bxc3 6. bxc3 Nxe4 7. Re1 d5 8. Nxe5 O-O 9. Ba3 Re8 10. Nxf7 Kxf7
11. Qh5+ Kg8 12. Bxd5+ Kh8 13. Bxe4 Rxe4 14. Rxe4 Bd7 15. Rae1
1-0

[Event "Chess!!!"]
[Site "SchemingMind.com"]
[Date "2011.05.28"]
[Round "-"]
[White "maro"]
[Black "michel"]
[Result "0-1"]
[WhiteCountry "MEX"]
[BlackCountry "CAN"]
[WhiteElo "1299"]
[WhiteRD "59"]
[BlackElo "2019"]
[BlackRD "61"]
[GameID "285115"]

1. e4 e5 2. d4 exd4 3. Qxd4 Nc6 4. Qd5 Nf6 5. Qc4 d5 6. exd5 Nxd5 7. Nc3 Be6 8. Qe4 Nf6 9. Qd3 Bd6 10. Nf3 Qe7
11. Bg5 O-O-O 12. O-O-O Bf4+
0-1

[Event "Chess!!!"]
[Site "SchemingMind.com"]
[Date "2011.05.31"]
[Round "-"]
[White "BigDaddy"]
[Black "SittingBull"]
[Result "0-1"]
[WhiteCountry "AUT"]
[BlackCountry "CAN"]
[WhiteElo "1317"]
[WhiteRD "76"]
[BlackElo "1855"]
[BlackRD "66"]
[GameID "285116"]

1. e4 c5 2. d4 cxd4 3. Qxd4 Nc6 4. Qd2 Nf6 5. Bb5 d6 6. Bxc6+ bxc6 7. Nc3 g6 8. Nf3 Bg7 9. O-O O-O 10. h3 Qc7
11. a3 a5
0-1